000 01454cam a2200385 a 4500
001 000018024
005 20200929165324.0
008 891005s1985 si b 001 0 eng
010 _a86157830
020 _a997188089X
040 _aDO-SdBNP
_cDLC
_dDLC
041 0 _aengchimaytam
043 _aa-si---
050 0 0 _aPL3508.65.E5
_bP64 1985
245 0 4 _aThe poetry of Singapore /
_ceditors, Edwin Thumboo ... [et al.].
260 _a[Singapore?] :
_bASEAN Committee on Culture and Information,
_cc1985.
300 _a560 p. :
_bcol. maps ;
_c25 cm.
490 1 _aAnthology of ASEAN literatures ;
_vvol. 1
500 _aPoems.
500 _aIn Chinese, English, Malay, and Tamil.
500 _aMaps on lining papers.
500 _aIncludes index.
650 0 _aMalay poetry
_zSingapore
_vTranslations into English.
_939074
650 0 _aTamil poetry
_zSingapore
_vTranslations into English.
_939075
650 0 _aSingaporean poetry (chinese)
_vTranslations into English.
_939076
650 0 _aMalay poetry
_zSingapore.
_939077
650 0 _aTamil poetry
_zSingapore.
_939078
650 0 _aSingaporean poetry (chinese)
_939079
650 0 _aSingaporean poetry (english)
_939080
700 1 _aThumboo, Edwin,
_d1933-
_939081
710 2 _aASEAN Committee on Culture and Information.
_939082
830 0 _aAnthology of ASEAN literatures (Singapore) ;
_vvol. 1.
_939083
910 _aCatalogación por copia / LC
082 0 0 _a808.81/0095957
_220
999 _c17546
_d17546